Normal view
MARC view
- HUNTER, L.P
Entry Personal Name
001 - CONTROL NUMBER
- control field: 56579
003 - CONTROL NUMBER IDENTIFIER
- control field: NUST
005 - DATE AND TIME OF LATEST TRANSACTION
- control field: 20210628201730.0
008 - FIXED-LENGTH DATA ELEMENTS
- fixed length control field: 210628|| aca||aabn | a|a d
040 ## - CATALOGING SOURCE
- Original cataloging agency: NUST
- Transcribing agency: NUST
100 ## - HEADING--PERSONAL NAME
- Personal name: HUNTER, L.P
670 ## - SOURCE DATA FOUND
- Source citation: Work cat.: (NUST): HUNTER, L.P, HANDBOOK OF SEMICONDUCTOR ELECTRONICS A PRACTICAL COVERING THE PHYSICS TECHNOLOGY AND CIRCUITS APPLICATIONS DIODS AND PHOTOCELLS, 1962
